Real Madryt Prawda czy Fałsz - Statystyki

Ogólne statystyki
  • Ten quiz został rozwiązany 417 razy
  • Średni wynik to 9 z 15
Statystyki odpowiedzi
Zagadnienie Odpowiedź % Poprawnych
Przydomkiem klubu jest Blaugrana Fałsz
90%
Real na więcej mistrzostw Hiszpanii niż Barcelona Prawda
84%
Real został założony w 1900 roku Fałsz
80%
Kapitanem Realu jest Luka Modrić Prawda
74%
Kylian Mbappe przeszedł do Realu za 200 milionów euro Fałsz
70%
Asystentem Carlo Ancelottiego jest jego syn Prawda
67%
Real Madryt zdobył 14 lig mistrzów Fałsz
59%
Najwięcej występów w Realu posiada Cristiano Ronaldo Fałsz
58%
Dani Parejo to wychowanek Los Blancos Prawda
58%
Jerzy Dudek zakończył karierę w Realu Prawda
53%
2 Najlepszym strzelcem w historii Realu jest Karim Benzema Prawda
43%
Alfredo di Stéfano był trenerem Królewskich Prawda
40%
Santiago Bernabéu najpierw piłkarz potem trener a na końcu Prezes Realu Madryt Fałsz
32%
Od 2000 roku nieprzerwanie prezesem Realu jest Florentino Pérez Fałsz
27%
Jakikolwiek selekcjoner Reprezentacji Polski Trenował Real Madryt Prawda
22%
Nie znaleziono quizów pasujących do podanych kryteriów
Rozkład punktacji
Procent ludzi z każdym wynikiem
Percentyl według liczby udzielonych odpowiedzi
Twoja historia wyników
Nie rozwiązałeś tego quizu